Welcome to CU Library Online Public Access Catalogue (OPAC)

Microsoft Office PowerPoint 2003 (Record no. 8073)

MARC details
000 -LEADER
fixed length control field 00569nam a22001697a 4500
005 - DATE AND TIME OF LATEST TRANSACTION
control field 20251105140541.0
008 - FIXED-LENGTH DATA ELEMENTS--GENERAL INFORMATION
fixed length control field 251105b |||||||| |||| 00| 0 eng d
020 ## - INTERNATIONAL STANDARD BOOK NUMBER
International Standard Book Number 9781418843663
050 ## - LIBRARY OF CONGRESS CALL NUMBER
Classification number T385
Item number .M519
100 ## - MAIN ENTRY--PERSONAL NAME
Personal name Shelly, Gary B.
245 ## - TITLE STATEMENT
Title Microsoft Office PowerPoint 2003
Remainder of title comprehensive concepts and techniques
Statement of responsibility, etc. Gary B. Shelly, Thomas J. Cashman & Susan L. Sebok
260 ## - PUBLICATION, DISTRIBUTION, ETC.
Place of publication, distribution, etc. Australia
Name of publisher, distributor, etc. Thomson Course Technology
Date of publication, distribution, etc. 2006
300 ## - PHYSICAL DESCRIPTION
Extent various paging
Other physical details ill. color
Dimensions 27.5cm
700 ## - ADDED ENTRY--PERSONAL NAME
Personal name Cashman, Thomas J.
700 ## - ADDED ENTRY--PERSONAL NAME
Personal name Sebok, Susan L.
942 ## - ADDED ENTRY ELEMENTS (KOHA)
Source of classification or shelving scheme Library of Congress Classification
Koha item type Books
Suppress in OPAC No
999 ## -
-- 8073
-- 8073
Holdings
Withdrawn status Lost status Source of classification or shelving scheme Damaged status Not for loan Collection Home library Current library Shelving location Date acquired Total checkouts Full call number Barcode Date last seen Copy number Price effective from Koha item type
    Library of Congress Classification     Non-fiction Science Library (Miotso) Science Library (Miotso) General stacks 11/05/2025   T385 .M519 SHE SLM00005384 11/05/2025 1 11/05/2025 Books
© 2023-2024 Copyright: Central University Libraries. All Rights Reserved | Created by: Mahone Tech Office